Sesso e società alle origini dell'età cristiana /
Uloženo v:
| Hlavní autor: | |
|---|---|
| Médium: | Kniha |
| Jazyk: | italština |
| Vydáno: |
Roma ; Bari :
Laterza,
1985
|
| Edice: | Storia e società
|
| Témata: | |
| Tagy: |
Žádné tagy, Buďte první, kdo vytvoří štítek k tomuto záznamu!
|
MARC
| LEADER | 00000nam a22000007i 4500 | ||
|---|---|---|---|
| 001 | IT\ICCU\CFI\0104099 | ||
| 003 | ItRI | ||
| 005 | 20250217235051.0 | ||
| 008 | 890928s1985 it |||||| ||||| |||||c | ||
| 020 | |a 8842025283 | ||
| 040 | |b ita |c ARCIGAY RIMINI | ||
| 041 | 7 | |a ita |2 ISO-639-2 | |
| 082 | |a 306.7 |2 11 | ||
| 082 | |a 306.7 |2 19 | ||
| 100 | 1 | |a Rousselle, Aline |0 IT\ICCU\CFIV\065400 |4 aut | |
| 240 | 1 | 0 | |a Pornéia. - |9 Rousselle, Aline |
| 245 | 1 | 0 | |a Sesso e società alle origini dell'età cristiana / |c Aline Rousselle. |
| 260 | |a Roma ; |a Bari : |b Laterza, |c 1985 | ||
| 300 | |a XI, 219 p. ; |c 22 cm | ||
| 650 | 7 | |a Sesso e società |x Sec. 1.-4. |2 scbi | |
| 830 | 0 | |a Storia e società |0 IT\ICCU\CFI\0000036 | |
| 942 | |2 ddc |c BK | ||
| 952 | |0 0 |1 0 |2 ddc |4 0 |6 306_700000000000000_ROU_SES |7 1 |9 3220 |a RN |b RN |d 2025-02-17 |e DONO RIMONDINI |l 0 |o 306.7 ROU SES |p 10479 |r 2025-02-17 23:51:17 |w 2025-02-17 |y BK | ||
| 981 | 1 | |6 z01 |a i |b xxxe | |
| 982 | 1 | |6 z01 |a n | |
| 999 | |c 2592 |d 2592 | ||